000 00735 a2200193 4500
010 _aENG-88942
020 _a9780195690484
_c645.00
035 _aEN-72475
037 _bDBAD / PUB
082 1 4 _a954.082
090 _c9700
_d9700
100 _aBhattacharyya-Panda, Nandini
245 1 _aAppropriation and invention of tradition :
_bthe East India Company and hindu law in early Colonial Bengal /
_cby Nandini Bhattacharyya-Panda
260 _aNew Delhi
_bOxford University Press
_c2008
300 _axi, 273p. ;
_c22 cm (Hb)
500 _aIncludes bibliographical references and index
942 _adpl
_cEN
_k954.082/ BHA
999 _c9523
_d9523